Models of political economy / (Record no. 17630)
[ view plain ]
| 000 -LEADER | |
|---|---|
| fixed length control field | 00904pam a2200301 a 4500 |
| 001 - CONTROL NUMBER | |
| control field | 013210093 |
| 003 - CONTROL NUMBER IDENTIFIER | |
| control field | Uk |
| 005 - DATE AND TIME OF LATEST TRANSACTION | |
| control field | 20131009144818.0 |
| 008 - FIXED-LENGTH DATA ELEMENTS--GENERAL INFORMATION | |
| fixed length control field | 061103s2006 enka 001 0 eng d |
| 020 ## - INTERNATIONAL STANDARD BOOK NUMBER | |
| International Standard Book Number | 9780415327053 (hbk.) : |
| 020 ## - INTERNATIONAL STANDARD BOOK NUMBER | |
| International Standard Book Number | 0415327059 (hbk.) : |
| 020 ## - INTERNATIONAL STANDARD BOOK NUMBER | |
| International Standard Book Number | 9780415327060 (pbk.) : |
| 020 ## - INTERNATIONAL STANDARD BOOK NUMBER | |
| International Standard Book Number | 0415327067 (pbk.) : |
| 020 ## - INTERNATIONAL STANDARD BOOK NUMBER | |
| International Standard Book Number | 9780415327053 (ebk.) : |
| 020 ## - INTERNATIONAL STANDARD BOOK NUMBER | |
| International Standard Book Number | 0203358554 (ebk.) : |
| 082 04 - DEWEY DECIMAL CLASSIFICATION NUMBER | |
| Classification number | 330 |
| Edition number | 22 |
| Item number | NUR |
| 100 1# - MAIN ENTRY--PERSONAL NAME | |
| Personal name | Nurmi, Hannu. |
| 9 (RLIN) | 34018 |
| 245 10 - TITLE STATEMENT | |
| Title | Models of political economy / |
| Statement of responsibility, etc | Hannu Nurmi. |
| 260 ## - PUBLICATION, DISTRIBUTION, ETC. (IMPRINT) | |
| Place of publication, distribution, etc | London : |
| Name of publisher, distributor, etc | Routledge, |
| Date of publication, distribution, etc | 2006. |
| 300 ## - PHYSICAL DESCRIPTION | |
| Extent | xvi, 222 p. ; |
| Dimensions | 24 cm. |
| 504 ## - BIBLIOGRAPHY, ETC. NOTE | |
| Bibliography, etc | Includes bibliographical references and index. |
| 650 #0 - SUBJECT ADDED ENTRY--TOPICAL TERM | |
| Topical term or geographic name as entry element | Economics. |
| 9 (RLIN) | 34019 |
| 650 #0 - SUBJECT ADDED ENTRY--TOPICAL TERM | |
| Topical term or geographic name as entry element | Economic history |
| Chronological subdivision | 1945- |
| 9 (RLIN) | 28315 |
| 650 #0 - SUBJECT ADDED ENTRY--TOPICAL TERM | |
| Topical term or geographic name as entry element | Economic policy. |
| 9 (RLIN) | 34020 |
| 653 ## - INDEX TERM--UNCONTROLLED | |
| Resource For college | |
| Arrived date list | October2013 |
| 690 7# - LOCAL SUBJECT ADDED ENTRY--TOPICAL TERM (OCLC, RLIN) | |
| Topical term or geographic name as entry element | Management and Business Studies |
| Source of heading or term | blcoll |
| 942 ## - ADDED ENTRY ELEMENTS (KOHA) | |
| Source of classification or shelving scheme | Dewey Decimal Classification |
| Item type | Book - Borrowing |
| Withdrawn status | Item status | Source of classification or shelving scheme | Damaged status | Not for loan | Vendor | Home library | Current library | Shelving location | Date acquired | Source of acquisition | Total Checkouts | Total Renewals | Full call number | Barcode | Date last seen | Date last borrowed | Koha item type |
|---|---|---|---|---|---|---|---|---|---|---|---|---|---|---|---|---|---|
| Dewey Decimal Classification | Baccah | Central Library | Central Library | First floor | 09/10/2013 | 2 | 1 | 330 NUR | 000029361 | 21/10/2025 | 08/09/2025 | Book - Borrowing | |||||
| Dewey Decimal Classification | Baccah | Central Library | Central Library | First floor | 09/10/2013 | 1 | 1 | 330 NUR | 000029362 | 15/07/2025 | 21/09/2014 | Book - Borrowing | |||||
| Dewey Decimal Classification | Baccah | Central Library | Central Library | First floor | 09/10/2013 | 330 NUR | 000029363 | 15/07/2025 | Book - Borrowing |